|
|
|
|
| LEADER |
01348nam a22002897a 4500 |
| 001 |
41759 |
| 003 |
BD-DhAAL |
| 008 |
230924t1997 bg ||||| |b|| 00| 0 ben d |
| 020 |
|
|
|a 9840735055
|
| 040 |
|
|
|a BD-DhAAL
|c BD-DhAAL
|
| 041 |
|
|
|a ben
|
| 082 |
|
|
|a 580
|2 23
|
| 100 |
|
|
|a কবীর, মোঃ হাসান.
|9 55557
|
| 245 |
|
|
|a ফসল উদ্ভিদতত্ত্ব /
|c মোঃ হাসান কবীর ও নূরুন্নাহার খানম.
|
| 246 |
|
|
|a Fashal udvidtatta
|
| 246 |
|
|
|a Botany of crop plants
|
| 260 |
|
|
|a ঢাকা :
|b বাংলা একাডেমী,
|c ১৯৯৭.
|
| 300 |
|
|
|a ৪১৬ পৃষ্ঠা :
|b চিত্র ;
|c ২২ সে.মি.
|
| 504 |
|
|
|a গ্রন্থপঞ্জিগত নির্দেশিকা অন্তর্ভুক্ত।
|
| 526 |
|
|
|a BIED
|
| 541 |
|
|
|a Complimentary copy from BIED
|e 41759
|
| 650 |
|
|
|a Botany.
|9 27259
|
| 700 |
|
|
|a খানম, নূরুন্নাহার.
|9 55558
|
| 852 |
|
|
|a Ayesha Abed Library
|c BIED Collection
|
| 942 |
|
|
|2 ddc
|c BK
|
| 999 |
|
|
|c 46157
|d 46157
|
| 952 |
|
|
|0 0
|1 0
|2 ddc
|4 0
|6 580_000000000000000_KAB
|7 0
|9 74416
|a BRACUL
|b BRACUL
|c GEN
|d 2023-09-24
|e Complimentary copy from BIED
|g 200.00
|l 0
|o 580 KAB
|p 3010041759
|r 2023-09-24
|t 1
|w 2023-09-24
|y BK
|x Transferred from BIED to General Stacks
|